000 00585nam a22002177a 4500
003 UA-OsUOA
001 67969
007 ta
008 20100323b un ||||| |||| 00| 0 ukr d
100 _aЧерпак В.
090 _a908
_bЧ-49
942 _cSA
040 _aUA-OsUOA
_bukr
_cUA-OsUOA
_dUA-OsUOA
245 _aТалант жити для праці, для натхнення, для людей.../Про Ковальського М.П.
300 _aС.5
955 _a0
041 _aukr
080 _a908
773 0 _w67946
650 7 _a908 Краєзнавство
_2UDC
999 _c354028
_d354028